00357nam a22001217a 4500082001500000100001800015245009700033250001200130260003000142300001200172650003400184700001700218 a006.78 CHE aCheshire, Jim a Microsoft Expression Web 4 in depth : updated for Service Pack 2 - HTML 5, CSS 3, JQuery a2nd ed. aUSAbQue Publishingc2013 a768p. : aWeb sites--Authoring programs aJim Cheshire